Red moon : a novel (Record no. 55787)

MARC details
000 -LEADER
fixed length control field 00656nam a2200205 a 4500
001 - CONTROL NUMBER
control field 17275722
008 - FIXED-LENGTH DATA ELEMENTS--GENERAL INFORMATION
fixed length control field 160923s2013 ||||||||||||||||| || u
010 ## - LIBRARY OF CONGRESS CONTROL NUMBER
LC control number 2012016127
020 ## - INTERNATIONAL STANDARD BOOK NUMBER
International Standard Book Number 9781444724998
050 ## - LIBRARY OF CONGRESS CALL NUMBER
Classification number PS 3616.E72R39
100 ## - MAIN ENTRY--PERSONAL NAME
Personal name Percy, Benjamin
245 10 - TITLE STATEMENT
Title Red moon : a novel
Statement of responsibility, etc. Benjamin Percy.
250 ## - EDITION STATEMENT
Edition statement 1st ed.
260 ## - PUBLICATION, DISTRIBUTION, ETC.
Place of publication, distribution, etc. New York
Name of publisher, distributor, etc. Hodder & Stoughton
Date of publication, distribution, etc. 2013
260 ## - PUBLICATION, DISTRIBUTION, ETC.
Place of publication, distribution, etc. New York
Name of publisher, distributor, etc. Grand Central Pub
Date of publication, distribution, etc. 2013
300 ## - PHYSICAL DESCRIPTION
Extent 533 P.
350 ## - PRICE (NR) (BK AM CF MU VM SE) [OBSOLETE]
Price 10.51
650 #0 - SUBJECT ADDED ENTRY--TOPICAL TERM
Topical term or geographic name entry element Werewolves - Fiction
995 ## - RECOMMENDATION 995 [LOCAL, UNIMARC FRANCE]
-- CBU-MAIN LIBRARY (Kitwe)
-- 10.51
-- 1
-- AVAILABLE
-- Sep 23, 2016
-- Fiction Collection
Holdings
Withdrawn status Lost status Source of classification or shelving scheme Damaged status Not for loan Home library Current library Shelving location Date acquired Total Checkouts Full call number Barcode Date last seen Price effective from Koha item type
          CBU-MAIN LIBRARY, KITWE. CBU-MAIN LIBRARY, KITWE.   11/30/2022   PS 3616.E72R39 746766 11/30/2022 11/30/2022 MONOGRAPH